000 00867nam a2200217 i 4500
001 158154
003 ES-MaACL
005 20251003180618.0
008 931025s1876 fr |||| | fre d
100 1 _aLotze, Hermann.
_974307
245 1 0 _aPrincipes généraux de psychologie physiologique /
_cpar Hermann Lotze.
250 _aNouvelle éd.
_btraduite de l'allemand par A. Penjon.
260 _aParis :
_bGermer Baillière et Cie.,
_c1876 (
_eCoulommiers :
_fTyp. Albert Ponsot et P. Brodard)
300 _aXVI, 168 p. ;
_c19 cm.
490 1 _aBibliothèque de philosophie contemporaine
650 7 _aPsicología fisiológica
_2embne
_916565
700 1 _aPenjon, Auguste,
_d1843-1919
_9130973
830 1 _aBibliothèque de philosophie contemporaine
_9181027
852 _aES-MaACL
_jF-12239
_z- Enc. pasta española
999 _c158154
_d158154